Osud vojaka z denníka povstaleckého generála Rudolfa Viesta

Podrobná bibliografia
Hlavný autor: Mičev, Stanislav, 1957- (Autor)
Médium: Článok
Jazyk:slovenčina
Fyzický popis:Fotogr.
ISSN:1335-468X
Predmet:

MARC

LEADER 00000nab a2200000 a 4500
001 vtls000731196
003 SK-MaSNL
005 20260303170509.0
008 180405c2000 xo 0 slo
015 |a SNBRB2000/09-22984 
035 |a CLN000083320 
040 |a SNKBUCL  |b slo  |c SNKBUCL  |e AACR2 
041 0 |a slo 
044 |a xo  |c SK 
080 |a 943.76-051"19"  |2 UDC-MRF-SK2 
080 |a 940.53  |2 UDC-MRF-SK2 
080 |a 355.333(437.6)  |2 UDC-MRF-SK2 
100 1 |a Mičev, Stanislav,  |d 1957-  |4 aut  |9 108982 
245 1 0 |a Osud vojaka  |b z denníka povstaleckého generála Rudolfa Viesta  |c Stanislav Mičev 
300 |b Fotogr. 
600 1 7 |a Viest, Rudolf,  |d 1890-1945  |2 snkbucl  |9 174407 
650 0 7 |a druhá svetová vojna (1939-1945)  |2 snkbucl  |9 169657 
655 7 |a denníky  |2 snkbucl  |9 70534 
655 7 |a články z novín a časopisov  |2 snkbucl  |9 267496 
773 0 |x 1335-468X  |t Slovo. Politicko-spoločenský týždenník  |g Roč. 2, č. 34 (2000), s. 12 
850 |a Slovenská národná knižnica v Martine 
852 |a SNK  |b KIS3GCP 
958 |a OS 
999 |c 2077516  |d 2079446